Tough faith : (Record no. 24878)
[ view plain ]
| 000 -LEADER | |
|---|---|
| fixed length control field | 00459nam a22001571a 4500 |
| 003 - CONTROL NUMBER IDENTIFIER | |
| control field | NEGST |
| 005 - DATE AND TIME OF LATEST TRANSACTION | |
| control field | 20110718125256.0 |
| 008 - FIXED-LENGTH DATA ELEMENTS--GENERAL INFORMATION | |
| fixed length control field | 040608s1976 001 0 eng d |
| 100 1# - MAIN ENTRY--PERSONAL NAME | |
| Personal name | Yaconelli, Mike. |
| 245 10 - TITLE STATEMENT | |
| Title | Tough faith : |
| Remainder of title | the search for honest, durable Christianity / |
| Statement of responsibility, etc | Mike Yaconelli. |
| 260 ## - PUBLICATION, DISTRIBUTION, ETC. (IMPRINT) | |
| Place of publication, distribution, etc | Elgin : |
| Name of publisher, distributor, etc | David C. Cook Pub. Co., |
| Date of publication, distribution, etc | 1976. |
| 300 ## - PHYSICAL DESCRIPTION | |
| Extent | xiii, 77p. |
| 590 ## - LOCAL NOTE (RLIN) | |
| Local note | Accession number: 31398 |
| 650 #0 - SUBJECT ADDED ENTRY--TOPICAL TERM | |
| Topical term or geographic name as entry element | Christian life. |
| Withdrawn status | Lost status | Source of classification or shelving scheme | Damaged status | Not for loan | Collection code | Home library | Current library | Shelving location | Date acquired | Source of acquisition | Cost, normal purchase price | Total Checkouts | Full call number | Barcode | Date last seen | Copy number | Price effective from | Koha item type |
|---|---|---|---|---|---|---|---|---|---|---|---|---|---|---|---|---|---|---|
| Library of Congress Classification | General Circulation | AIU/NEGST - Tony Wilmot Memorial Library | AIU/NEGST - Tony Wilmot Memorial Library | General Stacks | 12/18/2009 | Donation | 4.56 | BV 4501.2.Y33 1976 | R09476N3232 | 07/09/2014 | 1 | 12/18/2009 | Books |
